MARC

LEADER 00000nam0a2200000 4500
001 287630
005 20231102000016.0
020 |a RU  |b 85-58585 
035 |a (RuTPU)RU\TPU\book\312051 
090 |a 287630 
100 |a 20150318d1985 k y0rusy5003 ca 
101 0 |a rus 
102 |a RU 
105 |a y z 101zy 
200 1 |a Математические методы для исследования полимеров и биополимеров  |e тезисы докладов IV Всесоюзного совещания, 17-19 июня 1985 г., Пущино  |f Академия наук СССР (АН СССР), Научный центр биологических исследований (НЦБИ) 
210 |a Пущино  |c [Б. и.]  |d 1985 
215 |a 114 с. 
320 |a Авторский указатель: с. 108-109 
606 1 |a Полимеры  |x Испытание  |x Исследование  |2 stltpush  |3 (RuTPU)RU\TPU\subj\50242  |9 68966 
610 1 |a физико-механические свойства 
610 1 |a биополимеры 
610 1 |a математические исследования 
610 1 |a равновесные статистические свойства 
610 1 |a полимерные системы 
610 1 |a фазовые переходы 
610 1 |a молекулярная динамика 
610 1 |a полимерные сетки 
610 1 |a структурные свойства 
610 1 |a динамические свойства 
610 1 |a физика 
610 1 |a полимерные растворы 
610 1 |a радикальная полимеризация 
610 1 |a кинетика 
610 1 |a вспенивание 
610 1 |a реологические модели 
675 |a 678.017  |z rus  |v 3 
712 0 2 |a Академия наук СССР (АН СССР)  |b Научный центр биологических исследований (НЦБИ)  |c (Пущино)  |c (1963-1990)  |2 stltpush  |3 (RuTPU)RU\TPU\col\17330 
712 1 2 |a Математические методы для исследования полимеров и биополимеров  |c совещание  |d 4  |e Пущино  |f 1985 
801 0 |a RU  |b RuMRKP  |c 19950704  |g psbo 
801 1 |a RU  |b 63413507  |c 20150318 
801 2 |a RU  |b 63413507  |c 20180220  |g RCR 
942 |c BK